000
00322nam a2200133Ia 4500
008
231017s9999 xx 000 0 und d
082
_a
372.35
082
_b
MIC
245
0
_a
"Ready, Set, Science"
245
0
_c
National Academy of Sciences
260
_b
National Academy of Sciences
300
_c
30cm
942
_c
REP
999
_c
605064
_d
605064